| 000 | 00465nam a2200097Ia 4500 | ||
|---|---|---|---|
| 008 | 180130s9999 xx 000 0 und d | ||
| 245 |
_cAsad, Shebel; Salahat, Maazouz; Zalata, Mohammad Abu; Alia, Mohammad; Rawashdeh, Ayman Al _aDesign of fuzzy PD-controlled overhead crane system with anti-swing compensation |
||
| 260 | _c2016 | ||
| 300 | _aBook title: Innovations in computer science and engineering--Acession number C20551; pages 63-70 | ||
| 650 | _aCOMPUTER SCIENCE | ||
| 999 |
_c353743 _d353743 |
||